00288nam a2200121Ia 45000030006000000080041000060400015000471000024000622450042000862600009001285460012001370050017001490STCL150530s9999 xx 000 0 und d aSTCLcSTCL aSreedhara Menon, A. aSocial and cultural history of Kerala c1979 aEnglish20220125171453.0